LEADER 00901nam0 2200289 450 001 000020865 005 20081223093152.0 010 $a0631207260 010 $a0631207279 100 $a20081223d1998----km-y0itay50------ba 101 0 $aeng 102 $aUS 105 $ay-------001yy 200 1 $a<>economics of gender$fJoyce P. Jacobsen 205 $a2nd ed. 210 $aMalden (Mass.)$cBlackwell$d1998 215 $aXXIV, 515 p.$ctab., graf.$d26 cm 500 10$a<>economics of gender$947759 610 1 $aDonna$aCondizioni sociali 610 1 $aDonne$aDiscriminazione sessuale 676 $a306.3615$v19$9Sistemi di lavoro. Divisione sessuale del lavoro. 700 1$aJacobsen,$bJoyce P.$0281822 801 0$aIT$bUNIPARTHENOPE$c20081222$gRICA$2UNIMARC 912 $a000020865 951 $a917/5$b9043$cNAVA2$d2008 996 $aEconomics of gender$947759 997 $aUNIPARTHENOPE